000 00353nam a2200145 i 4500
001 bg
100 1 _aSZULC, Bohdan.
245 0 _aStatystyka teoretyczna :
_bkurs elementarny.
_nCz. 1 /
_cBohdan Szulc.
250 _aWyd.8.
260 _aWarszawa,
_c1965.
040 _cBPK
041 _apol
942 _cKS
008 s pl f |000 0 pol
999 _c47105
_d47105
856 _uhttp://koha.tu.koszalin.pl/cgi-bin/koha/opac-detail.pl?biblionumber=47105
_yKatalog online BPK